000 00895cam a22002891 4500
001 32932
003 BD-RjUL
005 20211209051922.0
008 140429r19631961nyu b 000 0 eng
035 _a(BD-RjUL)33022
035 _a(OCoLC)334730
040 _aDLC
_cONowdM
_dOCoLC
_dDLC
_dBD-RjUL
_beng
041 _aeng
082 _a297
_bGAM 1963
100 1 _aGardet, Louis.
_9100104
245 0 0 _aMohammedanism /
_ctranslated from the French by William Burridge.
250 _a1st ed.
260 _aNew York :
_bHawthorn Books,
_c1961 [printing 1963]
300 _a176 p. ;
_c21 cm.
490 0 _aThe Twentieth century encyclopedia of Catholicism, v. 143. Section 15: Non-Christian beliefs
500 _aTranslation of ConnaƮtre l'Islam.
504 _aIncludes bibliography.
650 0 _aIslam.
_9100105
942 _2ddc
_cBK
999 _c32932
_d32932